000 00697nam a2200193 i 4500
001 101712
003 ES-MaACL
005 20230906182949.0
007 t|
008 051021s1959 sp ||||1| spa d
100 1 _aMeigs, Joe Vincent.
_979832
245 1 0 _aTerapéutica quirúrgica del cáncer de cuello de útero /
_cpor el Dr. Joe V. Meigs; traducción revisada por el Dr. J. M. Dexeus Trías de Bes.
250 _a[1ª ed.].
260 _aBarcelona :
_b[s.n.],
_c1959 (
_fImp. Hispano-Americana)
300 _aXII, 451 p., 1 lám. col. :
_bil. ;
_c25 cm.
650 4 _aCuello uterino.
_9150153
700 1 _aDexeus, José María (
_d1924-)
_944050
852 _aES-MaACL
_jC-16423
_bR.44609
999 _c101712
_d101712